| 000 | 01160cam a2200229 4500 | ||
|---|---|---|---|
| 001 | WB3941-01 | ||
| 008 | 031029n2003 000 0 eng u | ||
| 035 | _a(Sirsi) u124165 | ||
| 245 | _aCRoW Act - correction to Area 2 provisional map (lower Northwest England) | ||
| 260 | _c2003 | ||
| 490 |
_aRICS Rural Faculty News _v 27 October 2003 (1) |
||
| 520 | _aThe Countryside Agency has announced that there has been an error in the provisional map for Area 2 (lower northwest England). A correction of Area 2 was made on 1 October 2003. For further information regarding the corrected map, contact the Countryside Agency helpline on t +44 (0)845 100 3298 or the Countryside Agency's mapping website http://www.countryside.gov.uk/access/mapping. RICS Rural Faculty news story at http://www.rics.org/ricscms/bin/show?class=News&template=/includes/shownews.html&id=7405&faculty=Rural&faculty=All Faculties. | ||
| 590 | _aWB | ||
| 650 | _aCOUNTRYSIDE AGENCY | ||
| 650 | _aMAPPING | ||
| 650 | _aNORTHWEST ENGLAND | ||
| 650 | _aACCESS TO THE COUNTRYSIDE | ||
| 650 | _aCORRECTION | ||
| 650 | _aCROW ACT | ||
| 690 |
_aBoundary disputes _96221 |
||
| 942 | _n0 | ||
| 999 |
_c73699 _d73699 |
||